000 00596nam a2200181Ia 4500
008 090201s9999 xx 000 0 und d
010 _aKPL-67938
040 _bमराठी
041 _aमराठी
082 _a45854
_b67938
100 _aअनिल गुजर
245 _aएका वाईट माणसाची गुढकथा
_cअनिल गुजर
250 _a1
260 _c2005
_bमनोरमा प्रकाशन
300 _a320
_bमोठा
600 _aएका वाईट माणसाची गुढकथा
942 _cBOOK
999 _c242745
_d242745